[Event "EuYCh B14"]
[Site "Halkidiki GRE"]
[Date "2000.10.06"]
[Round "5"]
[White "Nemeth,Mi"]
[Black "Wojtaszek,R"]
[Result "1/2-1/2"]
[WhiteElo "2179"]
[BlackElo "2219"]

1.e4 e6 2.d4 d5 3.Nd2 Nf6 4.e5 Nfd7 5.f4 c5 6.c3 cxd4 7.cxd4 Nc6 8.Ndf3 f5
9.Bd3 Be7 10.Ne2 Nb6 11.b3 a5 12.a3 O-O 13.O-O Bd7 14.h3 a4 15.b4 Na7 16.Nc3 Rc8
17.Bd2 Qe8 18.Qe2 Nc4 19.g4 Nb2 20.Bb1 Bb5 21.Nxb5 Qxb5 22.Qg2 Qb6 23.Kh2 Nb5
24.Rg1 g6 25.gxf5 exf5 26.Ba2 Nc4 27.Bxc4 Rxc4 28.h4 Nxd4 29.h5 Nxf3+ 30.Qxf3 Qd4
31.Rad1 Rc2 32.Rg2 Qe4 33.Qf2 Kg7 34.Re1 Qd3 35.Re3 Qc4 36.Reg3 Rh8 37.Qb6 Qc6
38.Qg1 Qe8 39.Qd4 Qf7 40.e6+ Bf6 41.Qxd5 Qe7 42.Qxf5 Rc6 43.hxg6 hxg6+ 44.Kg1 Bd4+  1/2-1/2

[Event "EuYCh B14"]
[Site "Halkidiki GRE"]
[Date "2000.10.07"]
[Round "6"]
[White "Wojtaszek,R"]
[Black "Lappage,J"]
[Result "1-0"]
[WhiteElo "2219"]
[BlackElo "2114"]

1.d4 Nf6 2.c4 g6 3.Nc3 Bg7 4.e4 O-O 5.f3 d6 6.Be3 c6 7.Nge2 a6 8.g4 b5 9.Ng3 Bb7
10.Qd2 Nbd7 11.h4 e5 12.g5 Ne8 13.d5 cxd5 14.Nxd5 Bxd5 15.cxd5 Nc7 16.h5 Re8
17.O-O-O Rc8 18.Kb1 Na8 19.hxg6 hxg6 20.Bh3 Nab6 21.Bxb6 Nxb6 22.Bxc8 Qxc8
23.Rc1 Nc4 24.Qe1 Qb7 25.b3 Na3+ 26.Kb2 b4 27.Rc6  1-0

[Event "EuYCh B14"]
[Site "Halkidiki GRE"]
[Date "2000.10.08"]
[Round "7"]
[White "Barbitskij,A"]
[Black "Wojtaszek,R"]
[Result "0-1"]
[WhiteElo "2244"]
[BlackElo "2219"]

1.e4 e6 2.d4 d5 3.Nd2 Nf6 4.e5 Nfd7 5.Bd3 c5 6.c3 Nc6 7.Ne2 Qb6 8.Nf3 cxd4
9.cxd4 f6 10.exf6 Nxf6 11.O-O Bd6 12.Bg5 O-O 13.Bc2 Qxb2 14.Rb1 Qa3 15.Rb3 Qa5
16.Bxf6 Rxf6 17.Ng5 h6 18.Nh7 Rf7 19.Bg6 Qc7 20.f4 Ne7 21.Bxf7+ Kxf7 22.Rc3 Qd8
23.Ng3 Kg8 24.Ng5 hxg5 25.fxg5 Qe8 26.Nh5 Qg6 27.h4 Bd7 28.Qg4 Rd8 29.Qf3 Nf5
30.Nf4 Qf7 31.Qg4 Nxd4 32.g6 Qf5 33.Qxf5 Nxf5 34.h5 Nd4 35.Re3 Rf8 36.g3 Nf5
37.Rb3 Nxg3 38.Rxg3 Rxf4 39.Rxf4 Bxf4 40.Rf3 e5 41.Rc3 e4 42.Rb3 Bc6  0-1

[Event "EuYCh B14"]
[Site "Halkidiki GRE"]
[Date "2000.10.10"]
[Round "9"]
[White "Gashimov,V"]
[Black "Wojtaszek,R"]
[Result "1/2-1/2"]
[WhiteElo "2407"]
[BlackElo "2219"]

1.c4 Nf6 2.Nc3 e5 3.Nf3 Nc6 4.g3 g6 5.Bg2 Bg7 6.O-O O-O 7.Rb1 a5 8.a3 d6
9.b4 axb4 10.axb4 Be6 11.d3 h6 12.b5 Ne7 13.Qb3 Qd7 14.d4 exd4 15.Nxd4 Bh3
16.Rd1 Bxg2 17.Kxg2 Nf5 18.Nxf5 Qxf5 19.f3 Qe6 20.e4 Nd7 21.Nd5 Rac8 22.Ba3 Ne5
23.Rbc1 Rfd8 24.Rc2 h5 25.b6 c6 26.Nc7 Qe7 27.Rcd2 c5 28.Nb5 Qe6 29.Rd5 Bf8
30.Bxc5 Rd7 31.Bd4 Nxc4 32.Nc7 Rcxc7 33.bxc7 Rxc7 34.Rb5 Bg7 35.Bxg7 Kxg7
36.Rc1 h4 37.Rb4 h3+ 38.Kf2 b5 39.Rxb5 Kh7 40.Qc3 Rc8 41.Qd4 d5 42.Qxd5 Qa6
43.Qxf7+ Kh6 44.Rxc4 Qa2+ 45.Ke3 Qa3+ 46.Kd2 Qa2+ 47.Ke3 Qa3+ 48.Kd4 Qa1+
49.Ke3  1/2-1/2

[Event "Rubinstein Open"]
[Site "Polanica Zdroj POL"]
[Date "2001.08.16"]
[Round "1"]
[White "Balkiewicz,E"]
[Black "Wojtaszek,R"]
[Result "0-1"]
[WhiteElo "2081"]
[BlackElo "2295"]

1.e4 c5 2.Nf3 d6 3.d4 cxd4 4.Nxd4 Nf6 5.Nc3 a6 6.Bg5 e6 7.f4 Qb6 8.Nb3 Nbd7
9.Qf3 Be7 10.O-O-O Qc7 11.Nd4 b5 12.a3 Bb7 13.Bd3 Rd8 14.Rhe1 Nc5 15.Qh3 Nxd3+
16.Qxd3 h6 17.Bxf6 Bxf6 18.f5 Qe7 19.fxe6 fxe6 20.Qh3 Kf7  0-1

[Event "Rubinstein Open"]
[Site "Polanica Zdroj POL"]
[Date "2001.08.17"]
[Round "2"]
[White "Wojtaszek,R"]
[Black "Gritsak,O"]
[Result "1/2-1/2"]
[WhiteElo "2295"]
[BlackElo "2499"]

1.d4 Nf6 2.c4 e6 3.Nc3 d5 4.cxd5 exd5 5.Bg5 c6 6.Qc2 Na6 7.e3 Nc7 8.Bd3 Be7
9.Nf3 Ne6 10.Bh4 g6 11.O-O Ng7 12.b4 a6 13.Rab1 Bf5 14.Bxf6 Bxf6 15.a4 O-O
16.Bxf5 Nxf5 17.b5 axb5 18.axb5 Qa5 19.bxc6 bxc6 20.Rfc1 Rfc8 21.Nd2 Be7
22.Nb3 Qd8 23.Ra1 Rxa1 24.Rxa1 c5 25.dxc5 Bxc5 26.Qd3 d4 27.Rd1 Bb6 28.Nxd4 Nxd4
29.exd4 Qxd4 30.Qxd4 Bxd4 31.Rxd4 Rxc3 32.g3 h5  1/2-1/2

[Event "Rubinstein Open"]
[Site "Polanica Zdroj POL"]
[Date "2001.08.18"]
[Round "3"]
[White "Wojtaszek,R"]
[Black "Sergeev,Vl"]
[Result "1-0"]
[WhiteElo "2295"]
[BlackElo "2498"]

1.d4 Nf6 2.c4 e6 3.Nc3 Bb4 4.Qc2 c5 5.dxc5 Nc6 6.Nf3 O-O 7.a3 Bxc5 8.Bg5 Be7
9.e3 h6 10.Bh4 b6 11.Be2 Bb7 12.O-O Rc8 13.Rfd1 Na5 14.b3 d5 15.Qb2 Qe8 16.cxd5 Nxd5
17.Bb5 Qd8 18.Bxe7 Qxe7 19.Nxd5 Bxd5 20.Nd4 Qg5 21.f4 Qf6 22.b4 Nc4 23.Bxc4 Rxc4
24.Rac1 Rxc1 25.Rxc1 b5 26.Rc5 a6 27.Qc2 Qh4 28.Qf2 Qg4 29.Qe2 Qg6 30.Qc2 Be4
31.Qf2 Rd8 32.h3 Kh7 33.Kh2 Kg8 34.Qg3 Qf6 35.Qe1 Bd5 36.Qg3 Kh8 37.Nc6 Rg8
38.Ne5 g5 39.Rc2 Qf5 40.Rf2 gxf4 41.Qh4 Kh7 42.Ng4 Qg5 43.Qxg5 Rxg5 44.exf4 Rg6
45.Rc2 h5 46.Ne3 Be4 47.Rc5 f5 48.g4 Rg7 49.Re5 hxg4 50.hxg4 Rd7 51.Rxe6 Rd3
52.Nf1 Rxa3 53.Ng3 Ra2+ 54.Kh3 fxg4+  1-0

[Event "Rubinstein Open"]
[Site "Polanica Zdroj POL"]
[Date "2001.08.19"]
[Round "4"]
[White "Shishkin,Va"]
[Black "Wojtaszek,R"]
[Result "1/2-1/2"]
[WhiteElo "2458"]
[BlackElo "2295"]

1.d4 Nf6 2.c4 e6 3.Nc3 Bb4 4.g3 O-O 5.Bg2 d5 6.cxd5 exd5 7.Nf3 c6 8.O-O Nbd7
9.Ne1 Re8 10.Nd3 Bxc3 11.bxc3 Ne4 12.Qc2 Nb6 13.f3 Nd6 14.Nf2 Bf5 15.e4 Bg6
16.Bf4 Nbc4 17.Rfe1 b5 18.Bf1 Qb6 19.Bd3 a5 20.h4 Na3 21.Qb3 Ndc4 22.Bc1 b4
23.Bxa3  1/2-1/2

[Event "Rubinstein Open"]
[Site "Polanica Zdroj POL"]
[Date "2001.08.20"]
[Round "5"]
[White "Wojtaszek,R"]
[Black "Sharapov,E"]
[Result "1-0"]
[WhiteElo "2295"]
[BlackElo "2403"]

1.d4 Nf6 2.c4 c5 3.d5 b5 4.cxb5 a6 5.f3 axb5 6.e4 Qa5+ 7.b4 Qxb4+ 8.Bd2 Qa4
9.Qc1 b4 10.Qxc5 Na6 11.Qd4 e6 12.d6 Qc6 13.e5 Nd5 14.Bc4 f6 15.f4 Nxf4 16.Bxf4 Qxg2
17.Nd2 Qxh1 18.exf6 gxf6 19.O-O-O Qc6 20.Ngf3 Bg7 21.Rg1 Rg8 22.Rxg7 Rxg7
23.Qxf6 Rf7 24.Qh8+ Rf8 25.Qxh7 Rf7 26.Qg8+ Rf8 27.Qg6+ Rf7 28.Ng5  1-0

[Event "Rubinstein Open"]
[Site "Polanica Zdroj POL"]
[Date "2001.08.21"]
[Round "6"]
[White "Cyborowski,L"]
[Black "Wojtaszek,R"]
[Result "1/2-1/2"]
[WhiteElo "2509"]
[BlackElo "2295"]

1.c4 e5 2.Nc3 Bb4 3.Nd5 Ba5 4.Nf3 e4 5.Nd4 c6 6.Nf4 Nf6 7.e3 O-O 8.Be2 d5
9.cxd5 Nxd5 10.Nxd5 Qxd5 11.O-O c5 12.Nb3 Bc7 13.d4 exd3 14.Qxd3 Qxd3 15.Bxd3 Rd8
16.Be2 Bb6 17.e4 Be6 18.Be3 c4 19.Nc5 Bxc5 20.Bxc5 Na6 21.Be3 Nb4 22.Rfc1 b5
23.a3 Nd3 24.Bxd3 Rxd3 25.Rd1 Rad8 26.Rxd3 cxd3 27.Kf1 Bc4 28.Ke1  1/2-1/2

[Event "Rubinstein Open"]
[Site "Polanica Zdroj POL"]
[Date "2001.08.22"]
[Round "7"]
[White "Wojtaszek,R"]
[Black "Miroshnichenko,E"]
[Result "1-0"]
[WhiteElo "2295"]
[BlackElo "2539"]

1.d4 Nf6 2.c4 g6 3.Nc3 Bg7 4.Nf3 O-O 5.g3 c6 6.Bg2 d5 7.cxd5 cxd5 8.O-O Ne4
9.Nxe4 dxe4 10.Ne5 Qd5 11.Be3 Nd7 12.Qc2 f5 13.f4 Nb6 14.Rfd1 Be6 15.b3 a5
16.Bf2 Rfc8 17.Qb2 a4 18.Rab1 axb3 19.axb3 Ra5 20.e3 Rb5 21.Bf1 Rxb3 22.Qxb3 Qxb3
23.Rxb3 Bxb3 24.Rb1 Bxe5 25.dxe5 Rc3 26.Be1 Ba2 27.Rxb6 Rc1 28.Kf2 Rc2+ 29.Kg1 Rc1
30.Rb2 Bd5 31.Bd2 Ra1 32.Kf2 Kf7 33.Rc2 Bc6 34.Bc3 Rb1 35.Bc4+ e6 36.Ba2 Rh1
37.Kg2 Rd1 38.Rd2 Rc1 39.Bb4 h6 40.Kh3 Ra1 41.Bc3 Rc1 42.Bb2 Re1 43.Rd6 Bb5
44.Bxe6+ Ke7 45.g4 Bf1+ 46.Kh4 Re2 47.h3 Rxb2 48.gxf5 gxf5 49.Bxf5 Bb5 50.Rb6 Rb3
51.Rxb7+ Kf8 52.e6 Ba4 53.e7+ Kf7 54.Bg6+  1-0

[Event "Rubinstein Open"]
[Site "Polanica Zdroj POL"]
[Date "2001.08.24"]
[Round "9"]
[White "Vysochin,S"]
[Black "Wojtaszek,R"]
[Result "1-0"]
[WhiteElo "2542"]
[BlackElo "2295"]

1.e4 c5 2.c3 e6 3.d4 d5 4.e5 Nc6 5.Nf3 Qb6 6.Be2 Nge7 7.dxc5 Qxc5 8.b4 Qb6
9.b5 Na5 10.O-O Bd7 11.Nd4 Ng6 12.f4 Bc5 13.Be3 O-O 14.a4 f6 15.exf6 Rxf6
16.g3 e5 17.fxe5 Nxe5 18.Rxf6 Qxf6 19.Nd2 Rf8 20.Qf1 Qe7  1-0

[Event "EYCC B14"]
[Site "Halkidiki GRE"]
[Date "2001.09.01"]
[Round "2"]
[White "Tanrikulu,E"]
[Black "Wojtaszek,R"]
[Result "0-1"]
[WhiteElo "2089"]
[BlackElo "2295"]

1.e4 c5 2.Nf3 d6 3.c3 Nf6 4.Be2 Nc6 5.d4 cxd4 6.cxd4 d5 7.exd5 Nxd5 8.Nc3 e6
9.O-O Be7 10.Qb3 O-O 11.Nxd5 exd5 12.Bf4 Bg4 13.Qxb7 Bxf3 14.Bxf3 Nxd4 15.Rad1 Nxf3+
16.gxf3 d4 17.Be3 Bf6 18.Rd2 Qa5 19.Bf4 Qxa2 20.Rc1 Qa5 21.Rc7 Be5 22.Rxf7 Rxf7
23.Qxa8+ Rf8 24.Qc6 Bxf4 25.Rxd4 Qg5+ 26.Kf1 Bxh2 27.Rg4 Qf6 28.Qd5+ Kh8
29.Ke2 Bf4 30.Qb7 h5  0-1

[Event "EYCC B14"]
[Site "Halkidiki GRE"]
[Date "2001.09.08"]
[Round "8"]
[White "Mamedov,Rau"]
[Black "Wojtaszek,R"]
[Result "1-0"]
[WhiteElo "2318"]
[BlackElo "2295"]

1.e4 c5 2.Nf3 d6 3.d4 cxd4 4.Nxd4 Nf6 5.Nc3 a6 6.Be3 e6 7.f3 b5 8.g4 Nfd7
9.Qd2 Nb6 10.Bd3 N8d7 11.O-O-O Bb7 12.Kb1 Rc8 13.g5 Ne5 14.Qe1 Nec4 15.Bc1 Qc7
16.Nce2 d5 17.h4 Ne5 18.Ng3 Bc5 19.Nde2 Nxf3 20.Qf1 Ne5 21.h5 Bd6 22.Bf4 Na4
23.Ka1 Nc5 24.Qg2 Nc4 25.Bxd6 Nxd6 26.e5 Nc4 27.g6 Nxe5 28.gxf7+ Nxf7 29.Rhg1 Ne5
30.Rgf1 Qe7 31.Nd4 Ncd7 32.Rde1 Kd8 33.Qh3 Re8 34.Bxh7 Rc4 35.Rd1 Nc6 36.Nge2 Nxd4
37.Nxd4 e5 38.Nf5 Qe6 39.Qa3 Kc8 40.Nd6+ Kb8 41.Bf5  1-0

[Event "EYCC B14"]
[Site "Halkidiki GRE"]
[Date "2001.09.09"]
[Round "9"]
[White "Wojtaszek,R"]
[Black "Romanov,E"]
[Result "0-1"]
[WhiteElo "2295"]
[BlackElo "2195"]

1.d4 d5 2.c4 e6 3.Nc3 c5 4.cxd5 cxd4 5.Qa4+ Bd7 6.Qxd4 exd5 7.Qxd5 Nc6 8.Qd1 Nf6
9.Nf3 Bc5 10.e3 Qe7 11.Be2 O-O 12.a3 Rfd8 13.O-O Bg4 14.Qc2 Rac8 15.b4 Bb6
16.Bb2 Ne5 17.Nxe5 Qxe5 18.Rfd1 Re8 19.Qd2 Bc7 20.g3 Qh5 21.Bxg4 Nxg4 22.h4 g5
23.Nd5 Bd8 24.Qe2 f5 25.f3 Ne5 26.Bxe5 Rxe5 27.hxg5 Bxg5 28.Kg2 Qf7 29.e4 fxe4
30.fxe4 Qe6 31.Re1 Rc6 32.Rad1 Qc8 33.Qf3 Rh6 34.Kg1 Qc2 35.Qg2 Qb3 36.Rf1 Rxd5
37.Rxd5 Be3+ 38.Rf2 Qb1+ 39.Qf1 Bxf2+  0-1

[Event "WYB14"]
[Site "Oropesa del Mar ESP"]
[Date "2001.10.23"]
[Round "3"]
[White "Wojtaszek,R"]
[Black "Bosiocic,Mari"]
[Result "1-0"]
[WhiteElo "2285"]
[BlackElo "2065"]

1.d4 Nf6 2.c4 c5 3.d5 g6 4.Nc3 Bg7 5.e4 d6 6.Bd3 O-O 7.h3 Na6 8.f4 e6 9.Nf3 Nc7
10.a4 Re8 11.O-O exd5 12.cxd5 Rb8 13.Re1 b6 14.Rb1 Bb7 15.Bd2 Na6 16.Nb5 c4
17.Bxc4 Rxe4 18.Rxe4 Nxe4 19.Nxa7 b5 20.Nxb5 Qb6+ 21.Kh2 Qc5 22.Ba2 Nxd2
23.Qxd2 Qb4 24.Qxb4 Nxb4 25.Bc4 Nxd5 26.Nxd6 Nxf4 27.Bxf7+ Kf8 28.Nxb7 Kxf7
29.Nd6+ Ke6 30.Nb5 h6 31.b3 g5 32.Re1+ Kf6 33.g3 Ne6 34.Rc1 Rd8 35.Rc6 Ke7
36.b4 Rd3 37.Kg2 Rb3 38.Rc4 Rb2+ 39.Kf1 Rb1+ 40.Ke2 Rb2+ 41.Ke3 Rg2 42.a5 Rxg3
43.a6  1-0

[Event "WYB14"]
[Site "Oropesa del Mar ESP"]
[Date "2001.10.25"]
[Round "5"]
[White "Wojtaszek,R"]
[Black "Zavgorodniy,S"]
[Result "1-0"]
[WhiteElo "2285"]
[BlackElo "2440"]

1.d4 Nf6 2.c4 e6 3.Nf3 b6 4.g3 Ba6 5.b3 Bb4+ 6.Bd2 Be7 7.Bg2 c6 8.Bc3 d5
9.Nbd2 Nbd7 10.O-O O-O 11.Qc2 Rc8 12.Rfd1 Qc7 13.e4 dxe4 14.Nxe4 b5 15.Nxf6+ Nxf6
16.Ne5 Bb7 17.a4 bxc4 18.bxc4 Bd6 19.Rab1 Rb8 20.f4 Ba8 21.Qd2 Rxb1 22.Rxb1 Rc8
23.Bf3 c5 24.d5 exd5 25.cxd5 Rb8 26.Re1 c4 27.Nc6 Bxc6 28.dxc6 Rd8 29.Kg2 Bf8
30.Qa2 Nd5 31.Qxc4 Nxc3 32.Qxc3 a5 33.Re2 Bb4 34.Qc4 Rd2 35.Rxd2 Bxd2 36.Qe2 Bb4
37.Qe8+ Bf8 38.Bd5  1-0

[Event "WYB14"]
[Site "Oropesa del Mar ESP"]
[Date "2001.10.26"]
[Round "6"]
[White "Brkic,A"]
[Black "Wojtaszek,R"]
[Result "1/2-1/2"]
[WhiteElo "2330"]
[BlackElo "2285"]

1.d4 Nf6 2.c4 e6 3.Nf3 c5 4.g3 cxd4 5.Nxd4 Qc7 6.b3 a6 7.Bg2 Be7 8.O-O d6
9.Bb2 O-O 10.Nc3 Nc6 11.e4 Nd7 12.Rc1 Nc5 13.Kh1 Rb8 14.f4 Bf6 15.Nce2 Nb4
16.Ra1 b5 17.cxb5 axb5 18.Bc3 Nba6 19.e5 dxe5 20.Nc6 b4 21.fxe5 Bg5 22.Nxb8 bxc3
23.Nc6 Bd2 24.b4 Nd7 25.Nxc3 Bxc3 26.Rc1 Nxe5 27.b5 Bb2 28.Rc2 Ba3 29.Qe2 Nxc6
30.Rxc6 Qa5 31.bxa6 Bd7 32.Rc2 Bb5 33.Qe5 Qa4 34.Rff2 Bxa6 35.h3 Bd3 36.Rcd2 Bg6
37.Rf4 Qa7 38.Rf3 Be7 39.Kh2 Bf6 40.Qb5 e5 41.Rb3 h5 42.h4 Qc7 43.Qc6 Qa5
44.Re2 Bf5 45.a4 Be6 46.Rb1 g6 47.Qb5 Qc7 48.Qb6 Qc4 49.Qb5 Qc7 50.Qb6 Qc4
51.Re4 Qc2 52.Qb2 Qd3 53.Rbe1 Rc8 54.R4e3 Qd8 55.Qb4 Rb8 56.Qe4 Kh7 57.R1e2 Qa5  1/2-1/2

[Event "WYB14"]
[Site "Oropesa del Mar ESP"]
[Date "2001.10.28"]
[Round "7"]
[White "Wojtaszek,R"]
[Black "Gonda,L"]
[Result "1/2-1/2"]
[WhiteElo "2285"]
[BlackElo "2309"]

1.d4 d5 2.c4 c6 3.Nf3 Nf6 4.Nc3 e6 5.Bg5 Nbd7 6.cxd5 exd5 7.e3 Be7 8.Bd3 O-O
9.Qc2 Re8 10.h3 Nf8 11.O-O-O Be6 12.g4 Rc8 13.Kb1 Qa5 14.Rc1 Ne4 15.Bxe4 dxe4
16.Bxe7 Rxe7 17.Nd2 Rce8 18.a3 Bd5 19.f3 exf3 20.e4 Be6 21.Nxf3 Bc4 22.Ne5 Ba6
23.Nf3 Ne6 24.h4 Bc4 25.Rcd1 Qb6 26.Qf2 Nc7 27.e5 Nd5 28.Rc1 Nf4 29.Qd2 Ne6
30.h5 Rd7 31.h6 Nxd4 32.hxg7 Nxf3 33.Qxd7 Rd8 34.Qe7 Nd2+ 35.Ka1 Nb3+ 36.Kb1  1/2-1/2

[Event "WYB14"]
[Site "Oropesa del Mar ESP"]
[Date "2001.10.29"]
[Round "8"]
[White "Mamedov,Rau"]
[Black "Wojtaszek,R"]
[Result "0-1"]
[WhiteElo "2354"]
[BlackElo "2285"]

1.e4 c5 2.Nf3 d6 3.d4 cxd4 4.Nxd4 Nf6 5.Nc3 Nc6 6.Be2 e5 7.Nf3 h6 8.O-O Be7
9.h3 Be6 10.Re1 O-O 11.Bf1 Nb8 12.Nd5 Nxd5 13.exd5 Bf5 14.c4 Nd7 15.Be3 a5
16.b3 Bh7 17.a3 f5 18.b4 Bf6 19.Nh2 f4 20.Bd2 e4 21.Rc1 Bb2 22.c5 Bxc1 23.Qxc1 dxc5
24.bxc5 Rc8 25.Bxf4 Nxc5 26.Qe3 Qxd5 27.Qg3 Rc6 28.Ng4 Rg6 29.Qc3 Nd3 30.Be3 Rc6
31.Qd2 h5 32.Nh2 Rfc8 33.Rb1 Rc2 34.Qd1 b5 35.Be2 Bg6 36.Nf1 Qa2 37.Bxh5 Nxf2
38.Bxf2 Bxh5 39.Qxh5 Rxf2 40.Rxb5  0-1

[Event "WYB14"]
[Site "Oropesa del Mar ESP"]
[Date "2001.10.30"]
[Round "9"]
[White "Wojtaszek,R"]
[Black "Megararanto,S"]
[Result "1/2-1/2"]
[WhiteElo "2285"]
[BlackElo "2234"]

1.d4 d5 2.c4 c6 3.Nf3 Nf6 4.Nc3 dxc4 5.a4 Bf5 6.e3 e6 7.Bxc4 Bb4 8.O-O Nbd7
9.Qe2 Bg6 10.Rd1 O-O 11.h3 Qe7 12.Nh4 Bh5 13.g4 Bg6 14.Nxg6 hxg6 15.f4 Nd5
16.Bd2 N7f6 17.Bb3 Bxc3 18.bxc3 Ne4 19.c4 Nxd2 20.Qxd2 Nb4 21.c5 a5 22.g5 b6
23.Rdc1 Rad8 24.Qe2 e5 25.fxe5 Qxg5+ 26.Kh2 bxc5 27.Rxc5 Nd5 28.Rf1 Nxe3
29.Bxf7+ Kh8 30.Rf3 Nf5 31.Qf2 Rxd4 32.Rxf5 Qxf5 33.Qxd4 Qxf7 34.Rxc6 Qa2+
35.Kg3 Qb3+ 36.Rc3 Qb1 37.Rf3 Qe1+ 38.Kg2 Rc8  1/2-1/2

[Event "Friendship IM"]
[Site "Prerove CZE"]
[Date "2001.12.04"]
[Round "1"]
[White "Jurek,J"]
[Black "Wojtaszek,R"]
[Result "1/2-1/2"]
[WhiteElo "2362"]
[BlackElo "2285"]

1.Nf3 Nf6 2.c4 e6 3.g3 d5 4.Bg2 dxc4 5.Qa4+ Nbd7 6.Qxc4 c5 7.d3 Bd6 8.Nc3 a6
9.Qb3 Rb8 10.Bg5 Qc7 11.O-O h6 12.Bxf6 Nxf6 13.Rac1 O-O 14.d4 cxd4 15.Nxd4  1/2-1/2

[Event "Friendship IM"]
[Site "Prerove CZE"]
[Date "2001.12.06"]
[Round "3"]
[White "Hitzgerova,G"]
[Black "Wojtaszek,R"]
[Result "0-1"]
[WhiteElo "2160"]
[BlackElo "2285"]

1.Nf3 c5 2.g3 Nf6 3.Bg2 g6 4.O-O Bg7 5.d3 O-O 6.e4 d6 7.Nbd2 Nc6 8.a4 a6
9.Nc4 Be6 10.Ne3 Ng4 11.Nxg4 Bxg4 12.h3 Bxf3 13.Bxf3 Qc7 14.c3 b5 15.Be3 Qb6
16.Qd2 b4 17.Rfc1 Rab8 18.Ra2 bxc3 19.bxc3 Na5 20.Bd1 Rfc8 21.h4 Rc7 22.h5 Nb3
23.Bxb3 Qxb3 24.Rcc2 Rcb7 25.Kg2 Qe6 26.h6 Bh8 27.Rcb2 Rb3 28.Qc2 f5 29.exf5 gxf5
30.d4 c4 31.Qd2 Qe4+ 32.Kh2 Qd3 33.Qc1 Bf6 34.Qc2 Kf7 35.Qxd3 cxd3 36.Rxb3 Rxb3
37.Bd2 e5 38.dxe5 dxe5 39.f3 e4 40.fxe4 fxe4 41.Kg2 Bxc3 42.Kf2 Bd4+ 43.Be3 Rb2+
44.Rxb2 Bxb2 45.g4 Kg6 46.Ke1 Bf6  0-1

[Event "Friendship IM"]
[Site "Prerove CZE"]
[Date "2001.12.07"]
[Round "4"]
[White "Wojtaszek,R"]
[Black "Sikora Lerch,J"]
[Result "1-0"]
[WhiteElo "2285"]
[BlackElo "2324"]

1.d4 c5 2.d5 Nf6 3.c4 e6 4.Nc3 exd5 5.cxd5 d6 6.e4 g6 7.h3 Bg7 8.Nf3 O-O
9.Bd3 Bd7 10.a4 Re8 11.O-O c4 12.Bc2 Na6 13.Be3 b6 14.Nd4 Nc5 15.f3 a6 16.Qe2 Rc8
17.Rfd1 Re7 18.Rd2 Qe8 19.Rad1 b5 20.axb5 axb5 21.Nc6 Bxc6 22.dxc6 b4 23.Nb5 Qxc6
24.Nxd6 Ncd7 25.Ba4 Qc7 26.Nxc8 Qxc8 27.e5  1-0

[Event "Friendship IM"]
[Site "Prerove CZE"]
[Date "2001.12.09"]
[Round "6"]
[White "Wojtaszek,R"]
[Black "Ruckschloss,K"]
[Result "0-1"]
[WhiteElo "2285"]
[BlackElo "2264"]

1.d4 f5 2.c4 Nf6 3.g3 g6 4.Bg2 Bg7 5.Nf3 O-O 6.O-O d6 7.Nc3 c6 8.d5 e5 9.dxe6 Bxe6
10.b3 Na6 11.Ng5 Qe7 12.Nxe6 Qxe6 13.Bb2 Nc5 14.Qc2 Rad8 15.e3 Nce4 16.Rad1 Rfe8
17.Ne2 Nxf2 18.Rxf2 Ng4 19.Bc1 Nxf2 20.Kxf2 Qe5 21.Nf4 g5 22.Nd3 Qe6 23.Re1 Rd7
24.Bb2 Rde7 25.Bxg7 Kxg7 26.Qc3+ Qf6 27.Qxf6+ Kxf6 28.b4 a5 29.b5 cxb5 30.cxb5 Rc8
31.Bd5 Rc3 32.Nb2 Re5 33.Bb3 Rxb5 34.Rd1 Rbxb3 35.axb3 Rc2+ 36.Kg1 Rxb2 37.Rxd6+ Ke5
38.Rb6 a4 39.Rb5+ Ke4 40.Rb4+ Kf3  0-1

[Event "Friendship IM"]
[Site "Prerove CZE"]
[Date "2001.12.10"]
[Round "7"]
[White "Van de Berkmortel,T"]
[Black "Wojtaszek,R"]
[Result "0-1"]
[WhiteElo "2264"]
[BlackElo "2285"]

1.d4 Nf6 2.Nf3 c5 3.e3 cxd4 4.exd4 d5 5.Bd3 Nc6 6.c3 Bg4 7.h3 Bh5 8.Bf4 e6
9.Qb3 Qc8 10.Nbd2 Be7 11.O-O O-O 12.Ne5 Nd7 13.Qc2 Bg6 14.Nxg6 hxg6 15.Rfe1 b5
16.Rac1 Qb7 17.Nf3 a6 18.Qe2 Bf6 19.h4 Rfe8 20.Bb1 Nf8 21.g4 e5 22.dxe5 Nd7
23.h5 Bxe5 24.Nxe5 Ndxe5 25.hxg6 fxg6 26.Bxe5 Rxe5 27.Qd3 Rae8 28.Rxe5 Nxe5
29.Qe2 Qf7 30.Kg2 Nc4 31.Qf3 Nxb2 32.Qxf7+ Kxf7 33.Kf3 Na4 34.Bc2 Nxc3 35.Bb3 b4
36.a3 a5 37.axb4 axb4 38.Ra1 Kf6 39.Ra6+ Kg5 40.Ra5 Kh4 41.Ra6 g5 42.Kg2 Re2
43.Rb6 Rb2 44.Rxb4 Ne4 45.Rb7 Rxf2+ 46.Kg1 Kg3 47.Bxd5 Nd2 48.Rf7 Re2  0-1

[Event "XVIII Open"]
[Site "Cappelle la Grande FRA"]
[Date "2002.02.10"]
[Round "2"]
[White "Wojtaszek,R"]
[Black "Halkias,S"]
[Result "0-1"]
[WhiteElo "2427"]
[BlackElo "2546"]

1.d4 e6 2.e4 d5 3.Nc3 Bb4 4.e5 Ne7 5.a3 Bxc3+ 6.bxc3 c5 7.h4 Qa5 8.Bd2 Qa4
9.h5 h6 10.Nf3 Nbc6 11.Bd3 c4 12.Be2 Bd7 13.Nh4 O-O-O 14.f4 Nf5 15.Kf2 Rhf8
16.Bf3 Nce7 17.g3 Nxh4 18.Rxh4 f6 19.Rh1 fxe5 20.fxe5 Rf7 21.Rh4 g5 22.hxg6 Nxg6
23.Rxh6 Rdf8 24.Rxg6 Rxf3+ 25.Qxf3 Rxf3+ 26.Kxf3 Qxc2 27.Rg8+ Kc7 28.Be3 Qe4+
29.Kf2 Qc2+ 30.Kf3 Qe4+ 31.Kf2 Qh7 32.Rg4 Be8 33.Rc1 Qh2+ 34.Ke1 Qh1+ 35.Kf2 Qh2+
36.Ke1 Bh5 37.Rg7+ Kc6 38.g4 Qg3+ 39.Kd2 Qg2+ 40.Ke1 Bxg4  0-1

[Event "XVIII Open"]
[Site "Cappelle la Grande FRA"]
[Date "2002.02.13"]
[Round "5"]
[White "Wojtaszek,R"]
[Black "Slobodjan,R"]
[Result "1/2-1/2"]
[WhiteElo "2427"]
[BlackElo "2527"]

1.d4 Nf6 2.c4 g6 3.Nc3 Bg7 4.Nf3 d6 5.g3 O-O 6.Bg2 c6 7.O-O Qa5 8.h3 e5 9.e4 Nbd7
10.Be3 exd4 11.Nxd4 Ne5 12.Nb3 Qd8 13.c5 Nc4 14.Qe2 Nxe3 15.Qxe3 dxc5 16.Rfd1 Qc7
17.Nxc5 Nd7 18.f4 Nxc5 19.Qxc5 Qb6 20.Na4 Qxc5+ 21.Nxc5 b6 22.Na4 Be6 23.e5 Rad8
24.Bxc6 f6 25.Rd6 Kf7 26.Rad1 Ke7 27.exf6+ Bxf6 28.Rxd8 Rxd8 29.Rxd8 Kxd8
30.a3 Bxh3 31.Nc3 Bd4+ 32.Kh2 Be6 33.Kg2 a6 34.Kf3 Kc7 35.Be4 Kd6 36.Bd3 Bc8
37.g4 Bg7 38.g5 Kc5 39.Ke3 Bd4+ 40.Kf3 a5 41.Ne4+ Kd5 42.b3 Ke6 43.Bc4+ Ke7
44.Nd2 Bb7+ 45.Ke2 Bc8 46.a4 Bf5 47.Nf3 Bg7 48.Ke3 Kd6 49.Nd4  1/2-1/2

[Event "chJ-POL b20"]
[Site "Trzebinia POL"]
[Date "2002.04.12"]
[Round "1"]
[White "Wojtaszek,R"]
[Black "Slaby,J"]
[Result "1-0"]
[WhiteElo "2429"]
[BlackElo "2305"]

1.d4 Nf6 2.c4 g6 3.Nf3 Bg7 4.Nc3 d5 5.g3 O-O 6.Bg2 dxc4 7.Ne5 Nc6 8.Nxc6 bxc6
9.Bxc6 Rb8 10.O-O Bh3 11.Re1 Qd6 12.Bf3 Rfd8 13.Bf4 Qd7 14.e3 Bg4 15.Rb1 Bxf3
16.Qxf3 Nh5 17.Ne4 Nxf4 18.Qxf4 Qd5 19.Rec1 e5 20.dxe5 Bxe5 21.Nf6+ Bxf6
22.Qxf6 Rb6 23.Qc3 Qf3 24.Rf1 Qe4 25.b3 Rc6 26.Rbc1 Rd3 27.Qb4 Rb6 28.Qa4 Rc6
29.bxc4 a6 30.Qb4 h5 31.Qb8+ Kg7 32.Qc8 Qe6 33.Qxe6 fxe6 34.Rc2 Ra3 35.c5 Ra5
36.Rfc1 Kf6 37.Kg2 e5 38.e4 Ra4 39.f3 Ra5 40.Kf2 Ke6 41.h4 Kf6 42.Kg2 Ke6
43.Kh3 Ra3 44.Rf1 Ra5 45.Rfc1 Ra3 46.Kg2 Ra5 47.g4 hxg4 48.fxg4 Ra4 49.Kf3 Ra3+
50.Rc3 Rxa2 51.h5 gxh5 52.gxh5 Rh2 53.Kg4 Rg2+ 54.Rg3 Rxg3+ 55.Kxg3 Kf6 56.Kg4 a5
57.Rf1+ Kg7 58.Rc1 Kf6 59.Rf1+ Kg7 60.Kg5 Rxc5 61.h6+ Kg8 62.Rf6 Rc1 63.Ra6 Kh7
64.Rxa5 Rg1+ 65.Kf6 Rg6+ 66.Kf7 Kxh6 67.Rxe5 Rg7+ 68.Kf8 Rh7 69.Rc5 Kg6 70.Rc6+ Kg5
71.e5 Rh8+ 72.Ke7 Rh7+ 73.Kd8 Rh8+ 74.Kd7 Rh7+ 75.Ke6 Rh6+ 76.Kd5 Rh7 77.Rf6 Re7
78.Rf1 Kg6 79.e6 Kg7 80.Ke5 Re8 81.Rf7+  1-0

[Event "chJ-POL b20"]
[Site "Trzebinia POL"]
[Date "2002.04.13"]
[Round "3"]
[White "Wojtaszek,R"]
[Black "Lagowski,P"]
[Result "1/2-1/2"]
[WhiteElo "2429"]
[BlackElo "2321"]

1.e4 c5 2.Nc3 d6 3.f4 g6 4.Nf3 Bg7 5.Bc4 Nc6 6.O-O e6 7.d3 Nge7 8.Qe1 h6
9.Bb3 a6 10.e5 d5 11.Qf2 b6 12.Ne2 Na5 13.c3 Nxb3 14.axb3 Bb7 15.b4 Rc8 16.bxc5 bxc5
17.d4 c4 18.g4 Rc6 19.Ng3 Bc8 20.h3 Bd7 21.Qg2 Rb6 22.Rf2 Qb8 23.Be3 Qb7
24.Nh4 Rg8 25.Kh2 Kd8 26.Raf1 Kc8 27.Bc1 a5 28.Qf3 Kb8 29.f5 gxf5 30.gxf5 exf5
31.Nhxf5 Nxf5 32.Nxf5 Bf8 33.Ne3 Be6 34.Ng2 Be7 35.Nf4 Bg5 36.Nxe6 fxe6 37.Rg1 Rc8
38.Bxg5 hxg5 39.Rgg2 Rh8 40.Qf7 Qxf7 41.Rxf7 g4 42.h4 Rxh4+ 43.Kg3 Rh8 44.Rgf2 Rc8
45.Kxg4 Rc7 46.Rxc7 Kxc7 47.Kg5 Kc6 48.Kf6 Kb5 49.Ke7 Ka4 50.Rf6 Kb3 51.Rxe6 Rb7+
52.Kd6 Kxb2 53.Kxd5 Kxc3 54.Kc6 Rb1 55.d5 a4 56.Kc5 a3 57.Ra6 Kb3 58.Rxa3+ Kxa3
59.Kxc4 Ka4 60.Kc5 Ka5 61.Kc6 Rc1+ 62.Kd7 Kb6 63.d6 Re1 64.e6 Kc5  1/2-1/2

[Event "chJ-POL b20"]
[Site "Trzebinia POL"]
[Date "2002.04.14"]
[Round "4"]
[White "Barglowski,F"]
[Black "Wojtaszek,R"]
[Result "1/2-1/2"]
[WhiteElo "2262"]
[BlackElo "2429"]

1.e4 c5 2.Nf3 d6 3.d4 cxd4 4.Nxd4 Nf6 5.Nc3 Nc6 6.Bc4 e6 7.O-O a6 8.Kh1 Bd7
9.a4 Rc8 10.f4 Qb6 11.Nb3 Be7 12.a5 Qc7 13.Be3 Nb4 14.Be2 O-O 15.Bf3 Rfe8
16.Bb6 Qb8 17.g4 Bc6 18.g5 Nd7 19.Be3 Bf8 20.Nd4 Qc7 21.Qd2 d5 22.e5 Nc5
23.Qg2 Bd7 24.Nce2 g6 25.c3 Nc6 26.Rfd1 Nxa5 27.h4 Nab3 28.Nxb3 Nxb3 29.Rab1 Bc5
30.Bxc5 Qxc5 31.Nd4 Nxd4 32.Rxd4 a5 33.Kh2 b5 34.Qd2 Rc7 35.Ra1 Qb6 36.Kg3 Rec8
37.h5 Rc4 38.Rxc4 Rxc4 39.Rh1 Bc8 40.Be2 Rc7 41.Bd3 Kf8 42.Kg4 Ke8 43.hxg6 hxg6
44.Qe2 Ba6 45.Rh7 Kd8 46.Rh8+ Kd7 47.Qh2 Qe3 48.Be2 Kc6 49.Bf3 Kb6 50.Rb8+ Bb7
51.Qh8 Rc4 52.Qf6 Ka7 53.Rxb7+ Kxb7 54.Qxf7+ Rc7 55.Qxg6 Qg1+ 56.Kh3 Qf2
57.Kg4 Qg1+ 58.Kh3 Qf2  1/2-1/2